|
|
|
|
| LEADER |
00000nam0a2200000 4500 |
| 001 |
303009 |
| 005 |
20231102001548.0 |
| 020 |
|
|
|a RU
|b 83-29401
|
| 035 |
|
|
|a (RuTPU)RU\TPU\book\328227
|
| 090 |
|
|
|a 303009
|
| 100 |
|
|
|a 20150828d1983 km y0rusy5003 ca
|
| 101 |
0 |
|
|a rus
|
| 102 |
|
|
|a RU
|
| 105 |
|
|
|a a z 001zy
|
| 200 |
1 |
|
|a Численные модели тепловых полей Земли
|f Е. А. Любимова, В. М. Любошиц, О. И. Парфенюк
|g Академия наук СССР (АН СССР), Институт физики Земли им. О. Ю. Шмидта (ИФЗ)
|
| 210 |
|
|
|a Москва
|c Наука
|d 1983
|
| 215 |
|
|
|a 125 с.
|c ил.
|
| 320 |
|
|
|a Библиогр.: с. 119-123
|
| 606 |
1 |
|
|a Геотермика
|x (геофизика)
|2 stltpush
|9 34168
|
| 610 |
1 |
|
|a математическое моделирование
|
| 610 |
1 |
|
|a численные модели
|
| 610 |
1 |
|
|a тепловые поля
|
| 610 |
1 |
|
|a Земля
|
| 610 |
1 |
|
|a термические модели
|
| 610 |
1 |
|
|a тепловые потоки
|
| 610 |
1 |
|
|a аномалии
|
| 610 |
1 |
|
|a интерпретация
|
| 610 |
1 |
|
|a модели Заварицкого-Беньофа
|
| 675 |
|
|
|a 550.36
|z rus
|v 3
|
| 700 |
|
1 |
|a Любимова
|b Е. А.
|g Елена Александровна
|4 070
|
| 701 |
|
1 |
|a Любошиц
|b В. М.
|
| 701 |
|
1 |
|a Парфенюк
|b О. И.
|
| 712 |
0 |
2 |
|a Академия наук СССР (АН СССР)
|b Институт физики Земли им. О. Ю. Шмидта (ИФЗ)
|c (Москва)
|c (1956-1991)
|2 stltpush
|3 (RuTPU)RU\TPU\col\209
|
| 801 |
|
0 |
|a RU
|b RuMRKP
|c 19950704
|g psbo
|
| 801 |
|
1 |
|a RU
|b 63413507
|c 20150828
|
| 801 |
|
2 |
|a RU
|b 63413507
|c 20190626
|g RCR
|
| 942 |
|
|
|c BK
|